000 01130cam a22003377a 4500
003 CHAP
005 20220817042705.0
008 971013c19721965 a r 00110 d
010 _a52363
011 _a53335
035 _a57485
040 _cCHAP
082 0 4 _a636.5
_bP6Y
100 0 0 _aPortsmouth, John.
_991015
245 1 0 _aAvicultura práctica
260 _aMéxico :
_bCECSA,
_c1972 (c.1965)
300 _a211 p.
_b: ilus. ; láms.
500 _ac.2-5 reimpresión de 1975
590 _aBATCH-UPD
_b10
_c20130110
_lUCH01
_h0351
590 _aBATCH-UPD
_b10
_c20130110
_lUCH01
_h2030
590 _aCONVERSION
_b10
_c20130109
_lUCH01
_h1328
650 1 4 _aAvicultura.
700 0 _aPoultry World.
_991156
901 _aBK
942 _cLIBRO
949 _a636.5 P6Y
_bBC
_cLIBRO
_d-125021
_eLIBRO
_h17905
_i57485
_si
949 _a636.5 P6Y
_bBC
_cLIBRO
_d-125023
_eLIBRO
_fc.3
_h35815
_i57485
_si
949 _a636.5 P6Y
_bBC
_cLIBRO
_d-125025
_eLIBRO
_fc.5
_h35817
_i57485
_si
949 _a636.5 P6Y
_bBC
_cLIBRO
_d33724000102737
_eLIBRO
_fc.4
_h35816
_i57485
_si
949 _a636.5 P6Y
_bBC
_cLIBRO
_d33724000713392
_eLIBRO
_fc.2
_h35814
_i57485
_si
999 _c52363
_d52363